<?xml version="1.0" encoding="UTF-8"?>
<record
    xmlns:xsi="http://www.w3.org/2001/XMLSchema-instance"
    xsi:schemaLocation="http://www.loc.gov/MARC21/slim http://www.loc.gov/standards/marcxml/schema/MARC21slim.xsd"
    xmlns="http://www.loc.gov/MARC21/slim">

  <leader>01009nam a2200253 a 4500</leader>
  <controlfield tag="001">59195</controlfield>
  <controlfield tag="003">BD-RjUL </controlfield>
  <controlfield tag="005">20211209080714.0</controlfield>
  <controlfield tag="008">170130s19291917nyua          001 0 eng d</controlfield>
  <datafield tag="035" ind1=" " ind2=" ">
    <subfield code="a">(BD-RjUL) 59319</subfield>
  </datafield>
  <datafield tag="040" ind1=" " ind2=" ">
    <subfield code="c">BD-RjUL</subfield>
    <subfield code="b">eng</subfield>
    <subfield code="d">BD-RjUL</subfield>
    <subfield code="a">BD-RjUL</subfield>
  </datafield>
  <datafield tag="041" ind1=" " ind2=" ">
    <subfield code="a">eng</subfield>
  </datafield>
  <datafield tag="082" ind1=" " ind2=" ">
    <subfield code="2">23</subfield>
    <subfield code="a">336.42</subfield>
    <subfield code="b">WIS 1929</subfield>
  </datafield>
  <datafield tag="100" ind1="1" ind2=" ">
    <subfield code="a">Willoughby, William F.</subfield>
    <subfield code="q">(William Franklin),</subfield>
    <subfield code="d">1867-1960.</subfield>
    <subfield code="9">176024</subfield>
  </datafield>
  <datafield tag="245" ind1="1" ind2="4">
    <subfield code="a">The system of financial administration of Great Britain :</subfield>
    <subfield code="b">a report /</subfield>
    <subfield code="c">by William F. Willoughby, Westel W. Willoughby and Samuel McCune Lindsay ; introduction by A. Lawrence Lowell.</subfield>
  </datafield>
  <datafield tag="260" ind1=" " ind2=" ">
    <subfield code="a">Washington :</subfield>
    <subfield code="b">The bookings instituation,</subfield>
    <subfield code="c">c1917 [printing 1929]</subfield>
  </datafield>
  <datafield tag="300" ind1=" " ind2=" ">
    <subfield code="a">xv, 361 p. :</subfield>
    <subfield code="b">ill. ;</subfield>
    <subfield code="c">23 cm.</subfield>
  </datafield>
  <datafield tag="500" ind1=" " ind2=" ">
    <subfield code="a">Includes index.</subfield>
  </datafield>
  <datafield tag="650" ind1=" " ind2="0">
    <subfield code="a">Finance</subfield>
    <subfield code="z">Great Britain.</subfield>
    <subfield code="9">176025</subfield>
  </datafield>
  <datafield tag="700" ind1="1" ind2=" ">
    <subfield code="a">Willoughby, Westel Woodbury,</subfield>
    <subfield code="d">1867-1945.</subfield>
    <subfield code="9">176026</subfield>
  </datafield>
  <datafield tag="700" ind1="1" ind2=" ">
    <subfield code="a">Lindsay, Samuel McCune,</subfield>
    <subfield code="d">1869-1960.</subfield>
    <subfield code="9">176027</subfield>
  </datafield>
  <datafield tag="700" ind1="1" ind2=" ">
    <subfield code="a">Cleveland, Frederick Albert,</subfield>
    <subfield code="d">1865-1946.</subfield>
    <subfield code="9">176028</subfield>
  </datafield>
  <datafield tag="942" ind1=" " ind2=" ">
    <subfield code="2">ddc</subfield>
    <subfield code="c">BK</subfield>
  </datafield>
  <datafield tag="999" ind1=" " ind2=" ">
    <subfield code="c">59195</subfield>
    <subfield code="d">59195</subfield>
  </datafield>
  <datafield tag="952" ind1=" " ind2=" ">
    <subfield code="0">0</subfield>
    <subfield code="1">0</subfield>
    <subfield code="2">ddc</subfield>
    <subfield code="4">0</subfield>
    <subfield code="7">1</subfield>
    <subfield code="8">NFIC</subfield>
    <subfield code="a">RUCL</subfield>
    <subfield code="b">RUCL</subfield>
    <subfield code="c">Reading</subfield>
    <subfield code="d">1963-06-07</subfield>
    <subfield code="e">US</subfield>
    <subfield code="l">0</subfield>
    <subfield code="o">336.42 WIS 1929</subfield>
    <subfield code="r">2018-03-11 00:00:00</subfield>
    <subfield code="t">C-1</subfield>
    <subfield code="w">2018-03-11</subfield>
    <subfield code="y">BK</subfield>
  </datafield>
</record>
